000
00286nam a2200133Ia 4500
100
_a
Flinn/Richard/A
942
_c
BK
654
_a
Metal Cutting
245
_a
Fund. Of Metal cutting
260
_b
ADDISON WESLEY
_a
U.S.A
_c
1963
082
_a
671.2
300
_a
324
546
_a
ENGLISH
999
_c
23912
_d
23912